[Event "40th ECC Open 2025"]
[Site "Rhodes GRE"]
[Date "2025.10.23"]
[Round "5.81"]
[White "Kobo, Ori"]
[Black "Georgescu, Lena"]
[Result "1/2-1/2"]
[WhiteTitle "GM"]
[BlackTitle "FM"]
[WhiteElo "2480"]
[BlackElo "2259"]
[WhiteTeam "Beer Sheva"]
[BlackTeam "SG Winterthur"]
[WhiteFideId "2812320"]
[BlackFideId "1331973"]
[EventDate "2025.10.19"]
[EventType "team"]

1. e4 e5 2. Nf3 Nc6 3. Bb5 Nf6 4. d3 Bc5 5. Bxc6 dxc6 6. Nbd2 Be6 7. O-O Bd6 8.
Nb3 b6 9. Bg5 Qd7 10. Qe2 c5 11. c3 Qa4 12. Bxf6 gxf6 13. Nbd2 O-O-O 14. Nc4 Be7
15. Nh4 Qd7 16. Rfd1 h5 17. Ne3 Bf8 18. Nhf5 Kb8 19. d4 cxd4 20. cxd4 exd4 21.
Rxd4 Qe8 22. Rxd8+ Qxd8 23. Rd1 Qe8 24. a3 Bc5 25. b4 Bxe3 26. Nxe3 Qc6 27. Qd3
h4 28. h3 Re8 29. f3 Rg8 30. Kh2 Qe8 31. Qd4 Qe7 32. Rd2 Kc8 33. Kh1 Rd8 34. Qc3
Rxd2 35. Qxd2 c5 36. Kg1 Kc7 37. Qc3 Kc6 38. Kf2 Qd6 39. Ke1 Qe5 40. Kd2 Qd6+
41. Kc1 Qe5 42. Kb2 Kd6 43. bxc5+ bxc5 44. Kc2 Qxc3+ 45. Kxc3 Ke5 46. Kd3 Kf4
47. Ke2 f5 48. exf5 Bxf5 49. Kf2 Be6 50. Nf1 c4 51. g3+ hxg3+ 52. Nxg3 Bxh3 53.
Ne2+ Ke5 54. Ke3 Be6 55. Nc3 a6 56. Ne4 f5 57. f4+ Kd5 58. Nc3+ Kc5 59. Na4+ Kb5
60. Nc3+ Kc5 61. Na4+ Kb5 62. Nc3+ Kc5 1/2-1/2

[Event "40th ECC Open 2025"]
[Site "Rhodes GRE"]
[Date "2025.10.23"]
[Round "5.82"]
[White "Rappazzo, Johannes"]
[Black "Postny, Evgeny"]
[Result "0-1"]
[WhiteTitle "FM"]
[BlackTitle "GM"]
[WhiteElo "2189"]
[BlackElo "2529"]
[WhiteTeam "SG Winterthur"]
[BlackTeam "Beer Sheva"]
[WhiteFideId "1340069"]
[BlackFideId "2804344"]
[EventDate "2025.10.19"]
[EventType "team"]

1. e4 e5 2. Nf3 Nc6 3. Bb5 a6 4. Ba4 Nf6 5. O-O Be7 6. Re1 b5 7. Bb3 d6 8. c3
O-O 9. h3 Nd7 10. d4 Bf6 11. a3 Nb6 12. Bc2 Re8 13. b3 d5 14. dxe5 Nxe5 15. Nxe5
Bxe5 16. f4 Bd6 17. e5 Bf8 18. Nd2 d4 19. Nf3 dxc3 20. Bxh7+ Kxh7 21. Ng5+ Kg6
22. Qc2+ Bf5 23. Qf2 f6 24. g4 Bxg4 25. hxg4 fxg5 26. fxg5 Qd3 27. Be3 Kh7 28.
Kg2 Kg8 29. Rh1 Qe4+ 30. Kg3 Nd5 31. Bd4 Qd3+ 32. Kg2 Qd2 0-1

[Event "40th ECC Open 2025"]
[Site "Rhodes GRE"]
[Date "2025.10.23"]
[Round "5.83"]
[White "Huzman, Alexander"]
[Black "Ballmann, Martin"]
[Result "0-1"]
[WhiteTitle "GM"]
[BlackTitle "IM"]
[WhiteElo "2521"]
[BlackElo "2323"]
[WhiteTeam "Beer Sheva"]
[BlackTeam "SG Winterthur"]
[WhiteFideId "2803828"]
[BlackFideId "1300350"]
[EventDate "2025.10.19"]
[EventType "team"]

1. d4 Nf6 2. c4 g6 3. Nc3 Bg7 4. e4 d6 5. Be2 O-O 6. Nf3 c5 7. O-O Bg4 8. d5 e6
9. h3 Bxf3 10. Bxf3 exd5 11. exd5 a6 12. Bd2 Nbd7 13. a4 Ne8 14. Be2 f5 15. f4
Bd4+ 16. Kh2 Ng7 17. g3 Re8 18. Bd3 Be3 19. Be1 h5 20. Ne2 Nf6 21. Rf3 Kf7 22.
Kg2 h4 23. gxh4 Re7 24. Bc2 a5 25. Qd3 Qe8 26. Bc3 Bd2 27. Kf1 Bxc3 28. Nxc3 Qh8
29. Qd2 Ne4 30. Qg2 Nxc3 31. Rxc3 Qxh4 32. Qf2 Qxf2+ 33. Kxf2 Rae8 34. Bd1 Re4
35. Kg3 Re3+ 36. Kf2 Rxc3 37. bxc3 Re4 38. Rb1 Rxf4+ 39. Ke3 Rxc4 40. Kd2 Kf6
41. Rb6 Ne8 42. Rxb7 Rh4 43. Ra7 Rxh3 44. Rxa5 Ke5 45. Ra7 Nf6 46. Re7+ Kxd5 47.
Bb3+ c4 48. Bc2 Ne4+ 49. Bxe4+ fxe4 50. Rb7 Rd3+ 51. Kc2 e3 52. Re7 Kc6 53. Re4
Kc5 54. a5 d5 55. Re6 Rd2+ 56. Kc1 Ra2 57. Rxe3 Rxa5 58. Rg3 Ra6 59. Rg5 Rb6 60.
Kc2 Re6 61. Kb2 Kd6 62. Ka3 Kc5 63. Kb2 Rf6 64. Ka2 Rb6 0-1

[Event "40th ECC Open 2025"]
[Site "Rhodes GRE"]
[Date "2025.10.23"]
[Round "5.84"]
[White "Schiendorfer, Emanuel"]
[Black "Vydeslaver, Alik"]
[Result "1/2-1/2"]
[WhiteTitle "FM"]
[BlackTitle "IM"]
[WhiteElo "2365"]
[BlackElo "2373"]
[WhiteTeam "SG Winterthur"]
[BlackTeam "Beer Sheva"]
[WhiteFideId "1309889"]
[BlackFideId "2801876"]
[EventDate "2025.10.19"]
[EventType "team"]

1. Nf3 d5 2. g3 g6 3. Bg2 Bg7 4. d4 Nf6 5. O-O O-O 6. c4 c6 7. cxd5 cxd5 8. Nc3
Nc6 9. Ne5 Bf5 10. Nxc6 bxc6 11. Bf4 Nd7 12. Rc1 Rc8 13. Qd2 e5 14. dxe5 Nxe5
15. b3 Re8 16. Na4 Nd7 17. Bg5 Nf6 18. Rfe1 Qd6 19. Nc5 Nd7 20. Bf4 Qe7 21. e4
Nxc5 22. exf5 Ne4 23. Bxe4 dxe4 24. fxg6 hxg6 25. Rc4 f5 26. Bg5 Bf6 27. Bxf6
Qxf6 28. Qe3 Rc7 29. Rec1 Rd8 30. Qf4 Rd6 31. h4 Kg7 32. Kg2 Rcd7 33. Rc5 Re7
34. R1c3 Rf7 35. Qc1 f4 36. Qxf4 Qxf4 37. gxf4 Rxf4 38. Rc2 Rdf6 39. Rxc6 Rxf2+
40. Rxf2 Rxc6 41. Kg3 Kh6 42. Rf4 1/2-1/2

[Event "40th ECC Open 2025"]
[Site "Rhodes GRE"]
[Date "2025.10.23"]
[Round "5.85"]
[White "Pasti, Aron"]
[Black "Cheng, Bobby"]
[Result "0-1"]
[WhiteTitle "IM"]
[BlackTitle "GM"]
[WhiteElo "2366"]
[BlackElo "2596"]
[WhiteTeam "SK Dunajska Streda"]
[BlackTeam "SV Werder Bremen"]
[WhiteFideId "785857"]
[BlackFideId "4300033"]
[EventDate "2025.10.19"]
[EventType "team"]

1. e4 e6 2. d4 d5 3. Nc3 Bb4 4. e5 c5 5. a3 Bxc3+ 6. bxc3 Nc6 7. h4 Bd7 8. Qg4
g6 9. h5 Qa5 10. Bd2 O-O-O 11. a4 f5 12. Qh4 Nge7 13. Nf3 gxh5 14. Ng5 Rdf8 15.
Qxh5 Nd8 16. Bb5 h6 17. Bxd7+ Kxd7 18. Nh3 Qa6 19. Nf4 Qc4 20. Qe2 cxd4 21. cxd4
Rfg8 22. Rb1 Qxa4 23. O-O Nec6 24. c3 h5 25. Ra1 Qc4 26. Qd1 b5 27. Nxh5 Kc8 28.
Nf4 a5 29. f3 a4 30. Rb1 Rg7 31. Qe1 Na5 32. Rb4 Qc6 33. Qe2 Rb7 34. Nd3 Nc4 35.
Bg5 Rg8 36. Bf6 Rb6 37. Rfb1 Nb7 38. Nb2 Na3 39. Nxa4 Ra6 40. R1b3 Rxa4 41. Rxa4
bxa4 42. Rxa3 Kc7 43. Qb2 Qa6 44. Qc2 Ra8 45. g4 fxg4 46. fxg4 Qc6 47. g5 Nc5
48. g6 Ne4 49. g7 Qe8 50. Qg2 Qh5 51. Ra1 Rg8 52. c4 Qh6 53. cxd5 Qe3+ 54. Kh1
exd5 55. Qc2+ Kd7 56. Qxa4+ Ke6 57. Qc6+ Kf5 58. Qd7+ Kf4 59. Rf1+ Nf2+ 60.
Rxf2+ Qxf2 61. Qxd5 Qe1+ 62. Kg2 Qg3+ 63. Kf1 Rc8 0-1

[Event "40th ECC Open 2025"]
[Site "Rhodes GRE"]
[Date "2025.10.23"]
[Round "5.86"]
[White "Wachinger, Nikolas"]
[Black "Rigo, Zsolt"]
[Result "1-0"]
[WhiteTitle "IM"]
[BlackTitle "IM"]
[WhiteElo "2456"]
[BlackElo "2403"]
[WhiteTeam "SV Werder Bremen"]
[BlackTeam "SK Dunajska Streda"]
[WhiteFideId "12962791"]
[BlackFideId "14903172"]
[EventDate "2025.10.19"]
[EventType "team"]

1. e4 c5 2. Nf3 e6 3. d4 cxd4 4. Nxd4 a6 5. c4 Nf6 6. Nc3 Qc7 7. a3 b6 8. Be3
Bb7 9. f3 d6 10. g4 h6 11. h4 Nfd7 12. Be2 Nc6 13. Rc1 Rc8 14. Kf2 Qd8 15. Nxc6
Rxc6 16. g5 Ne5 17. Qd4 Qc7 18. gxh6 Rh7 19. f4 Nd7 20. hxg7 Bxg7 21. Qd3 Qd8
22. h5 Nc5 23. Bxc5 Rxc5 24. b4 Rc8 25. Bf3 Rh8 26. Ne2 Ke7 27. Rcg1 Kf8 28. f5
Rc7 29. fxe6 fxe6 30. Nf4 Rh6 31. Rg6 Bc8 32. e5 Rf7 33. Rxh6 1-0

[Event "40th ECC Open 2025"]
[Site "Rhodes GRE"]
[Date "2025.10.23"]
[Round "5.87"]
[White "Bagi, Mate"]
[Black "Colbow, Collin"]
[Result "1-0"]
[WhiteTitle "IM"]
[BlackTitle "IM"]
[WhiteElo "2431"]
[BlackElo "2435"]
[WhiteTeam "SK Dunajska Streda"]
[BlackTeam "SV Werder Bremen"]
[WhiteFideId "742570"]
[BlackFideId "16201132"]
[EventDate "2025.10.19"]
[EventType "team"]

1. e4 c5 2. Nf3 Nc6 3. Bb5 e6 4. Bxc6 bxc6 5. b3 d6 6. e5 dxe5 7. Nxe5 Qd5 8.
Nf3 Qe4+ 9. Kf1 Be7 10. d3 Qf5 11. Bb2 Nf6 12. Ne5 c4 13. bxc4 Bd6 14. Qe2 Bb7
15. Nd2 c5 16. Bc3 O-O 17. Rg1 Rfe8 18. Rb1 Bxe5 19. Qxe5 Qxe5 20. Bxe5 Bc6 21.
Bxf6 gxf6 22. Ke2 Rac8 23. g4 Kf8 24. Ke3 Red8 25. f3 Rd6 26. Rb3 f5 27. Ra3 Rd7
28. Ra5 Ba8 29. Nb3 fxg4 30. Rxg4 Rdc7 31. Rg5 f5 32. f4 Kf7 33. h4 Kf6 34. h5
Bh1 35. h6 e5 36. Ra6+ Bc6 37. Nxc5 Rd8 38. Rg7 Rdc8 39. Nd7+ 1-0

[Event "40th ECC Open 2025"]
[Site "Rhodes GRE"]
[Date "2025.10.23"]
[Round "5.88"]
[White "Grigorian, Spartak"]
[Black "Varga, Zoltan"]
[Result "0-1"]
[WhiteTitle "IM"]
[BlackTitle "GM"]
[WhiteElo "2424"]
[BlackElo "2286"]
[WhiteTeam "SV Werder Bremen"]
[BlackTeam "SK Dunajska Streda"]
[WhiteFideId "24661490"]
[BlackFideId "700509"]
[EventDate "2025.10.19"]
[EventType "team"]

1. d4 d5 2. c4 dxc4 3. e4 Nf6 4. e5 Nd5 5. Bxc4 Nb6 6. Bd3 Nc6 7. Be3 Nb4 8. Be4
f5 9. a3 N4d5 10. Bxd5 Nxd5 11. Ne2 c6 12. Nbc3 Be6 13. O-O g6 14. Qd2 h6 15. h4
Bf7 16. Nxd5 Bxd5 17. Rac1 e6 18. Nf4 Qxh4 19. Nxg6 Qg4 20. Nf4 Rg8 21. f3 Bxf3
22. Rf2 Kf7 23. Qc2 Re8 24. Qb3 h5 25. Bd2 Be4 26. Qxb7+ Re7 27. Qb3 Bh6 28. Qh3
Bxf4 29. Qxg4 Rxg4 30. Bxf4 Bxg2 31. Rxg2 Rxf4 32. Rd2 Rc7 33. d5 exd5 34. Rxd5
Ke6 35. Rd6+ Kxe5 36. Rcxc6 Rg7+ 37. Rg6 Rxg6+ 38. Rxg6 Rg4+ 39. Rxg4 hxg4 0-1

[Event "40th ECC Open 2025"]
[Site "Rhodes GRE"]
[Date "2025.10.23"]
[Round "5.89"]
[White "Csonka, Attila Istvan"]
[Black "Reuker, Jari"]
[Result "1/2-1/2"]
[WhiteTitle "IM"]
[BlackTitle "IM"]
[WhiteElo "2301"]
[BlackElo "2390"]
[WhiteTeam "SK Dunajska Streda"]
[BlackTeam "SV Werder Bremen"]
[WhiteFideId "716529"]
[BlackFideId "12909300"]
[EventDate "2025.10.19"]
[EventType "team"]

1. e4 c6 2. d4 d5 3. Nc3 dxe4 4. Nxe4 Bf5 5. Ng3 Bg6 6. h4 h6 7. h5 Bh7 8. Nf3
Nd7 9. Bd3 Bxd3 10. Qxd3 e6 11. Bd2 Ngf6 12. O-O-O Be7 13. Ne4 O-O 14. Nxf6+
Nxf6 15. Ne5 c5 16. dxc5 Qxd3 17. Nxd3 Ne4 18. Be3 Rfc8 19. c3 a5 20. a4 Nxc5
21. Nxc5 Bxc5 22. Bxc5 Rxc5 23. Rd7 b5 24. axb5 Rxb5 25. Rh4 Rg5 26. g3 Rf5 27.
f4 Rc8 28. Rd4 Rcc5 29. g4 Rfd5 30. Rxd5 exd5 31. Rh3 d4 32. Kc2 Kf8 33. Rd3
dxc3 34. Rxc3 Rb5 35. Rb3 Rc5+ 36. Rc3 Rd5 37. Rd3 Rc5+ 38. Rc3 1/2-1/2

[Event "40th ECC Open 2025"]
[Site "Rhodes GRE"]
[Date "2025.10.23"]
[Round "5.90"]
[White "Schulze, Lara"]
[Black "Takacs, Laszlo"]
[Result "1-0"]
[WhiteTitle "FM"]
[BlackTitle "FM"]
[WhiteElo "2319"]
[BlackElo "2267"]
[WhiteTeam "SV Werder Bremen"]
[BlackTeam "SK Dunajska Streda"]
[WhiteFideId "12956830"]
[BlackFideId "14918854"]
[EventDate "2025.10.19"]
[EventType "team"]

1. e4 c5 2. Nf3 e6 3. c3 d5 4. exd5 exd5 5. Bb5+ Bd7 6. Qe2+ Qe7 7. O-O Qxe2 8.
Bxe2 Nc6 9. d4 cxd4 10. Nxd4 Nxd4 11. cxd4 Bd6 12. Nc3 Ne7 13. Bf3 Be6 14. Re1
O-O 15. Bg5 Nc6 16. Bxd5 Bxd5 17. Nxd5 Nxd4 18. Rad1 Rfe8 19. Rxe8+ Rxe8 20. Be3
Nf5 21. Bxa7 Ra8 22. Ne3 Rxa7 23. Nxf5 Bf8 24. a3 g6 25. Ne3 b5 26. Nd5 Ra6 27.
Nc7 Rb6 28. Kf1 h6 29. Rd3 Bg7 30. Rb3 Rc6 31. Nxb5 Rc1+ 32. Ke2 Rc2+ 33. Kf3
Bxb2 34. a4 g5 35. a5 h5 36. a6 g4+ 37. Ke3 Bc1+ 38. Kd3 Rd2+ 39. Ke4 Rxf2 40.
a7 Rf4+ 41. Kd5 Ra4 42. Rc3 1-0

[Event "40th ECC Open 2025"]
[Site "Rhodes GRE"]
[Date "2025.10.23"]
[Round "5.91"]
[White "Dotzer, Lukas"]
[Black "Alexakis, Dimitris"]
[Result "1/2-1/2"]
[WhiteTitle "IM"]
[BlackTitle "IM"]
[WhiteElo "2463"]
[BlackElo "2548"]
[WhiteTeam "Schachfreunde Berlin 1903"]
[BlackTeam "Ippotis Rhodes chess club"]
[WhiteFideId "1666975"]
[BlackFideId "4277023"]
[EventDate "2025.10.19"]
[EventType "team"]

1. e4 c5 2. Nf3 e6 3. d4 cxd4 4. Nxd4 Nc6 5. Nc3 Qc7 6. Be3 a6 7. a3 b5 8. Nxc6
Qxc6 9. h4 Bb7 10. h5 Nf6 11. f3 h6 12. e5 Nd5 13. Nxd5 Qxd5 14. Qxd5 Bxd5 15.
a4 b4 16. Rh4 f5 17. exf6 gxf6 18. Bd2 a5 19. Bc4 Bc6 20. Bb5 Rg8 21. Kf1 Rc8
22. c3 f5 23. cxb4 Be7 24. Rd4 e5 25. Bxc6 exd4 26. Bd5 Rc2 27. Bxg8 Rxd2 28.
bxa5 d3 29. Rc1 Bf6 30. Bb3 Rxb2 31. Bc4 Rd2 32. Re1+ Kd8 33. Re3 Rd1+ 34. Re1
Rd2 35. Re3 Rd1+ 36. Re1 d5 37. Bb5 Rd2 38. Re3 Rd1+ 39. Re1 Rd2 1/2-1/2

[Event "40th ECC Open 2025"]
[Site "Rhodes GRE"]
[Date "2025.10.23"]
[Round "5.92"]
[White "Patrelakis, Evaggelos"]
[Black "Baum, Jonasz"]
[Result "1-0"]
[WhiteTitle "IM"]
[BlackTitle "IM"]
[WhiteElo "2437"]
[BlackElo "2446"]
[WhiteTeam "Ippotis Rhodes chess club"]
[BlackTeam "Schachfreunde Berlin 1903"]
[WhiteFideId "4295102"]
[BlackFideId "1195360"]
[EventDate "2025.10.19"]
[EventType "team"]

1. e4 e5 2. Nf3 Nc6 3. Bb5 a6 4. Ba4 Nf6 5. O-O Be7 6. Re1 b5 7. Bb3 O-O 8. c3
d5 9. exd5 Nxd5 10. a4 Bb7 11. axb5 axb5 12. Rxa8 Bxa8 13. Na3 Bxa3 14. bxa3 Re8
15. Qc2 h6 16. d4 e4 17. Rxe4 Rxe4 18. Qxe4 Nxc3 19. Qf5 Qe8 20. Be3 Na5 21. Bc2
Be4 22. Qc5 Nc4 23. Bb3 Ne2+ 24. Kf1 Bd3 25. Bxc4 bxc4 26. Ne5 Qa4 27. Nxd3 cxd3
28. Ke1 Qb3 29. Kd2 f5 30. Qxc7 Kh7 31. Qc5 Kg6 32. f4 h5 33. d5 Kf7 34. d6 Qe6
35. Qc7+ Kg6 36. d7 Nxf4 37. Qb6 Kf7 38. d8=N+ 1-0

[Event "40th ECC Open 2025"]
[Site "Rhodes GRE"]
[Date "2025.10.23"]
[Round "5.93"]
[White "Schmidek, Emil"]
[Black "Krallis, Christos"]
[Result "1-0"]
[WhiteTitle "IM"]
[BlackTitle "FM"]
[WhiteElo "2427"]
[BlackElo "2403"]
[WhiteTeam "Schachfreunde Berlin 1903"]
[BlackTeam "Ippotis Rhodes chess club"]
[WhiteFideId "12908150"]
[BlackFideId "4298896"]
[EventDate "2025.10.19"]
[EventType "team"]

1. d4 Nf6 2. c4 e6 3. Nc3 Bb4 4. e3 O-O 5. Bd3 Re8 6. Ne2 d5 7. O-O Nbd7 8. Qc2
dxc4 9. Bxc4 a6 10. a3 Bf8 11. b4 b5 12. Bd3 e5 13. Rd1 exd4 14. exd4 Bb7 15.
Bf4 Bd6 16. Bxd6 cxd6 17. a4 bxa4 18. Rxa4 Nf8 19. Qa2 Ng4 20. h3 Nxf2 21. Kxf2
Qh4+ 22. Kg1 Bxg2 23. Kxg2 Re3 24. Bf5 Rae8 25. Rf1 h5 26. Rxa6 Ne6 27. Nd5
Rxe2+ 28. Qxe2 Nc7 29. Ra8 Rxa8 30. Nxc7 Rb8 31. Nd5 g6 32. Bxg6 Qg5+ 33. Kh2
fxg6 34. Qe6+ Kg7 35. Qf6+ Qxf6 36. Rxf6 Rxb4 37. Rxg6+ Kxg6 38. Nxb4 Kf5 39.
Kg3 Ke4 40. d5 1-0

[Event "40th ECC Open 2025"]
[Site "Rhodes GRE"]
[Date "2025.10.23"]
[Round "5.94"]
[White "Stamatiou, Rodolfos"]
[Black "Florstedt, Johannes"]
[Result "0-1"]
[WhiteTitle "FM"]
[BlackTitle "FM"]
[WhiteElo "2275"]
[BlackElo "2413"]
[WhiteTeam "Ippotis Rhodes chess club"]
[BlackTeam "Schachfreunde Berlin 1903"]
[WhiteFideId "25826530"]
[BlackFideId "12922293"]
[EventDate "2025.10.19"]
[EventType "team"]

1. d4 Nf6 2. Nf3 g6 3. c4 Bg7 4. Nc3 d5 5. Bg5 Ne4 6. Bf4 O-O 7. e3 c5 8. cxd5
Bf5 9. Qb3 cxd4 10. Nxd4 Nxc3 11. bxc3 Be4 12. Bc4 Bxg2 13. Rg1 Be4 14. Qxb7 e5
15. Qxa8 exf4 16. Qxa7 fxe3 17. fxe3 Qc8 18. Qa4 Nd7 19. Qb4 Ne5 20. Be2 Qh3 21.
O-O-O Qxe3+ 22. Kb2 Bxd5 23. Rge1 Qf2 24. Rf1 Qxh2 25. Ka1 Rc8 26. Rd2 Qh3 27.
Nb5 Be6 28. Rfd1 Nc6 29. Qb2 Ra8 30. a3 Bf6 31. Rd3 Qf5 32. Bf3 Qc5 33. Rd6 Rb8
34. Rxc6 Qxb5 35. Qxb5 Rxb5 36. Rb1 Ra5 37. Rb8+ Kg7 38. Kb2 Rf5 39. Be4 Rf2+
40. Kb1 Rf4 41. Bc2 h5 42. Rb4 Rf1+ 43. Kb2 Rf2 44. Rxe6 fxe6 45. Kb3 Rf3 46.
Rc4 h4 47. Be4 Re3 48. a4 h3 49. a5 h2 50. Bb7 Re5 51. a6 Rd5 52. a7 h1=Q 53.
Rc7+ Be7 54. Rxe7+ Kf6 55. a8=Q Qb1+ 56. Ka3 Qa1+ 57. Kb3 Qxa8 58. Rxe6+ Kxe6
59. Bxa8 Rd8 60. Bg2 Ke5 61. Kb4 g5 62. Kb5 Rb8+ 63. Kc5 Rc8+ 64. Kb4 g4 65. c4 0-1

[Event "40th ECC Open 2025"]
[Site "Rhodes GRE"]
[Date "2025.10.23"]
[Round "5.95"]
[White "Poltorak, Sebastian"]
[Black "Sandalakis, Nikolaos"]
[Result "1/2-1/2"]
[WhiteTitle "IM"]
[BlackTitle "CM"]
[WhiteElo "2413"]
[BlackElo "2206"]
[WhiteTeam "Schachfreunde Berlin 1903"]
[BlackTeam "Ippotis Rhodes chess club"]
[WhiteFideId "1199498"]
[BlackFideId "4222890"]
[EventDate "2025.10.19"]
[EventType "team"]

1. e4 e5 2. Nc3 Nf6 3. g3 d5 4. exd5 Nxd5 5. Bg2 Nxc3 6. bxc3 Be7 7. Nf3 Nc6 8.
O-O O-O 9. Re1 Bf6 10. d3 Bf5 11. Nd2 Rb8 12. Ne4 Be7 13. Be3 Re8 14. g4 Bg6 15.
g5 Qd7 16. Qf3 Bf5 17. Nc5 Bxc5 18. Bxc5 Bg4 19. Qg3 b6 20. Ba3 Bh5 21. Re3 Kh8
22. Rae1 Kg8 23. Kh1 Kh8 24. Be4 Bg6 25. Bf3 f6 26. gxf6 gxf6 27. Qh4 Qe6 28. d4
Na5 29. Bb4 Qf7 30. d5 Nb7 1/2-1/2

[Event "40th ECC Open 2025"]
[Site "Rhodes GRE"]
[Date "2025.10.23"]
[Round "5.96"]
[White "Frendzas, Panayotis"]
[Black "Polzin, Rainer"]
[Result "0-1"]
[WhiteTitle "IM"]
[BlackTitle "GM"]
[WhiteElo "2179"]
[BlackElo "2393"]
[WhiteTeam "Ippotis Rhodes chess club"]
[BlackTeam "Schachfreunde Berlin 1903"]
[WhiteFideId "4200420"]
[BlackFideId "4610741"]
[EventDate "2025.10.19"]
[EventType "team"]

1. e4 c6 2. d4 d5 3. Nd2 dxe4 4. Nxe4 Nf6 5. Nxf6+ exf6 6. Be3 Na6 7. a3 Bd6 8.
Bd3 O-O 9. Ne2 Nc7 10. c4 Re8 11. Qc2 g6 12. h4 f5 13. O-O-O h5 14. g4 hxg4 15.
h5 Rxe3 16. fxe3 Qg5 17. hxg6 Qxe3+ 18. Qd2 Qxd2+ 19. Kxd2 fxg6 20. Rh6 Bf8 21.
Rhh1 Ne6 22. d5 Ng5 23. Nf4 Kg7 24. Kc2 Bd6 25. Rdf1 Nf3 26. Ne2 cxd5 27. cxd5
Bd7 28. Rxf3 gxf3 29. Nd4 f2 0-1

[Event "40th ECC Open 2025"]
[Site "Rhodes GRE"]
[Date "2025.10.23"]
[Round "5.97"]
[White "Vagman, Roy"]
[Black "Ragger, Markus"]
[Result "1/2-1/2"]
[WhiteTitle "IM"]
[BlackTitle "GM"]
[WhiteElo "2383"]
[BlackElo "2567"]
[WhiteTeam "Rishon Le Zion #2"]
[BlackTeam "SG Riehen"]
[WhiteFideId "2828995"]
[BlackFideId "1610856"]
[EventDate "2025.10.19"]
[EventType "team"]

1. e4 e5 2. Nf3 Nc6 3. Bb5 a6 4. Ba4 Nf6 5. O-O Be7 6. Re1 b5 7. Bb3 O-O 8. a4
Na5 9. axb5 Nxb3 10. cxb3 Bb7 11. bxa6 d5 12. d3 dxe4 13. dxe4 Qxd1 14. Rxd1
Bxa6 15. Nc3 Bd6 16. Bg5 Nd7 17. Nd5 Be2 18. Re1 Rxa1 19. Rxa1 f6 20. Be3 Rb8
21. Nd2 Bg4 22. Nc4 Rxb3 23. Nxd6 cxd6 24. Ra6 Rxb2 25. h3 Be6 26. Rxd6 Bxd5 27.
Rxd5 Rb7 28. g4 Kf7 29. Kg2 Nf8 30. Ra5 Ne6 31. Ra4 1/2-1/2

[Event "40th ECC Open 2025"]
[Site "Rhodes GRE"]
[Date "2025.10.23"]
[Round "5.98"]
[White "Rosner, Jonas"]
[Black "Zakin, Ilay"]
[Result "1-0"]
[WhiteTitle "IM"]
[BlackTitle "FM"]
[WhiteElo "2431"]
[BlackElo "2309"]
[WhiteTeam "SG Riehen"]
[BlackTeam "Rishon Le Zion #2"]
[WhiteFideId "24608513"]
[BlackFideId "2848279"]
[EventDate "2025.10.19"]
[EventType "team"]

1. Nf3 Nf6 2. c4 g6 3. b3 Bg7 4. Bb2 O-O 5. g3 d6 6. Bg2 e5 7. d3 Re8 8. O-O
Nbd7 9. Nbd2 c6 10. Rc1 a5 11. a3 Qb6 12. Qc2 Nc5 13. Rb1 Na6 14. Bc3 Qc7 15.
Rfc1 c5 16. b4 axb4 17. axb4 cxb4 18. Bxb4 Nxb4 19. Rxb4 Nd7 20. Ng5 Nc5 21.
Rcb1 Rb8 22. Nge4 Nxe4 23. Bxe4 b6 24. Bd5 Bb7 25. Bxb7 Rxb7 26. Qb3 Bf6 27.
Rxb6 Rxb6 28. Qxb6 Qxb6 29. Rxb6 Be7 30. Ne4 Rd8 31. Rb7 Bf8 32. Ng5 h6 33. Nxf7
Re8 34. Rd7 Re6 35. Nd8 Rf6 36. Nc6 Re6 37. Kg2 e4 38. d4 g5 39. e3 g4 40. h3 h5
41. h4 Re8 42. Nb4 1-0

[Event "40th ECC Open 2025"]
[Site "Rhodes GRE"]
[Date "2025.10.23"]
[Round "5.99"]
[White "Ribstein, Orel"]
[Black "Haag, Gregor"]
[Result "0-1"]
[BlackTitle "FM"]
[WhiteElo "2138"]
[BlackElo "2403"]
[WhiteTeam "Rishon Le Zion #2"]
[BlackTeam "SG Riehen"]
[WhiteFideId "2826534"]
[BlackFideId "24680931"]
[EventDate "2025.10.19"]
[EventType "team"]

1. Nf3 Nf6 2. c4 e6 3. g3 d5 4. Bg2 dxc4 5. Qa4+ Nbd7 6. Qxc4 a6 7. Qc2 c5 8.
Nc3 Qc7 9. d4 b5 10. Bf4 Qa7 11. O-O Bb7 12. dxc5 Bxc5 13. Rad1 Rc8 14. Qd3 O-O
15. Ng5 Bxg2 16. Kxg2 e5 17. Bc1 Qa8+ 18. f3 Bd4 19. Nge4 b4 20. Nxf6+ Nxf6 21.
Na4 Qc6 22. Qb3 Qc2 23. Qxc2 Rxc2 24. Rfe1 Rfc8 25. Kf1 h6 26. g4 Ba7 27. g5
hxg5 28. Bxg5 Nh5 29. Rc1 Nf4 30. Rxc2 Rxc2 31. Bxf4 exf4 32. Rd1 Be3 33. Rd8+
Kh7 34. Rb8 Rc1+ 35. Kg2 a5 36. Rb5 Rc2 37. Rxa5 Rxe2+ 38. Kh3 g6 39. Rg5 Rf2
40. Rg2 Rxf3+ 41. Kg4 Rf1 42. Re2 f5+ 43. Kh3 g5 44. Rc2 Kg6 45. Kg2 Rg1+ 46.
Kf3 g4+ 47. Ke2 Rg2+ 0-1

[Event "40th ECC Open 2025"]
[Site "Rhodes GRE"]
[Date "2025.10.23"]
[Round "5.100"]
[White "Cvitan, Ognjen"]
[Black "Barak, Gil"]
[Result "1-0"]
[WhiteTitle "GM"]
[BlackTitle "CM"]
[WhiteElo "2387"]
[BlackElo "2211"]
[WhiteTeam "SG Riehen"]
[BlackTeam "Rishon Le Zion #2"]
[WhiteFideId "14500086"]
[BlackFideId "2812690"]
[EventDate "2025.10.19"]
[EventType "team"]

1. d4 d5 2. c4 e6 3. Nf3 c5 4. cxd5 exd5 5. g3 Nc6 6. Bg2 Nf6 7. O-O Be7 8. Nc3
O-O 9. b3 Ne4 10. Bb2 Bf6 11. Na4 cxd4 12. Nxd4 Bd7 13. Rc1 Qe7 14. e3 Rac8 15.
Nc3 Bxd4 16. Nxd5 Qg5 17. exd4 Qxd5 18. Rc5 Qe6 19. d5 Qg6 20. Rc4 Nd6 21. dxc6
Bxc6 22. Rg4 Bxg2 23. Rxg6 1-0